000 00485nam a2200181Ia 4500
999 _c9849
_d9849
003 OSt
005 20191223140339.0
008 190216s9999||||xx |||||||||||||| ||und||
040 _coclc
082 _a336
_bBHA/P
100 _aBhatia, H L
_9563
245 0 _aPublic Finance /
_cH L Bhatia
250 _a16th ed.
260 _bVikas Publishing House,
_c1992.
_aNew Delhi:
300 _a702 p
650 _aEconomics
942 _cBK
_2ddc
_h336
_iBHA/P
_k336
_mBHA/P